LEADER 01349nam a2200301 u 4500 001 000000038892 003 CaOOAMICUS 005 20070226113928.0 008 980429s1985 it u000 u ita u 035 $a10792915 040 $aPUL(R)$bita 100 1 $aMonaco, Riccardo.$0(OLS)http://pul/name/28988 245 10$aLezioni di organizzazione internazionale.$n1,$pPrincipi generali /$cRiccardo Monaco. 246 30$aPrincipi generali 260 $aTorino :$bG. Giappichelli,$c1985. 300 $a406 p. ;$c24 cm 500 $aContiene indici. 504 $a"Bibliografia generale": pp. [11]-17. 650 4$aDiritto internazionale.$0(OLS)http://pul/subject/2505 850 $aPUL 852 $aPUL$W1$xSL Diritto e Scienze Sociali 1$y4$m179 A 95$j52934$nBK-PRI$b $qStampati$B52934$CPULBib$Z2$F52934 $H $81 852 $aPUL$W1$xDP1 Diritto e Scienze Sociali 2$y90$mApudBibl E 28$j52935$nBK-PRI$b $qStampati altre collocazioni$B52935$CPULBib$Z2$F52935 $H73199 $81 941 1 $a8 941 1 $a10 961 $aINV: 55912. 996 $6245$aLezioni di organizzazione internazionale.$n1,$pPrincipi generali$9(OLS)http://pul/title/52718 996 $6246$aPrincipi generali$9(OLS)http://pul/title/52719 996 $6260$aTorino :$bG. Giappichelli$9(OLS)http://pul/publisher/49130 LEADER 01092nam a2200289 u 4500 001 000000061393 003 CaOOAMICUS 005 20070226121023.0 008 010906s1968 it u000 u ita u 035 $a10901570 040 $aPUL(R)$bita 041 1 $aita$hfre 100 1 $aDelhaye, Philippe.$0(OLS)http://pul/name/16 245 13$aLa coscienza morale del cristiano /$cPhilippe Delhaye. 260 $aRoma :$bDesclée,$cc1968. 300 $axx, 262 [2] p. ;$c23 cm 490 1 $aIl mistero cristiano.$aTeologia morale 500 $aComprende indici. 504 $aBibliografia: p. xv-xx. 650 4$aCoscienza morale.$0(OLS)http://pul/subject/546 830 3$aIl mistero cristiano.$pTeologia morale.$0(OLS)http://pul/title/32787 850 $aPUL 852 $aPUL$W1$xSL Religione 1$y3$m57 G 23$j79999$nBK-PRI$b $qStampati$B79999$CPULBib$Z2$F79999 $H $81 941 1 $a8 961 $aINV: 37034 996 $6245$aLa coscienza morale del cristiano$9(OLS)http://pul/title/81968 996 $6260$aRoma :$bDesclée$9(OLS)http://pul/publisher/48185